000 00227nam a2200097Ia 4500
008 220204s9999 xx 000 0 und d
082 _a82-3
_bBLY
100 _aBlyton, Enid
245 0 _aMystery of the Pantomime cat
942 _cBK
999 _c37656
_d37656